Statistics for Oliver Platt Filmography

Click here to take the quiz!

General Stats

  • This quiz has been taken 11 times
    (3 since last reset)
  • The average score is 4 of 110

Answer Stats

TypeYearName% Correct
Film2010Love & Other Drugs
67%
FilmTBABabes
33%
Film1998Dr. Dolittle
33%
Film2010Letters to Juliet
33%
TV Show1988Miami Vice
33%
TV Show2015, 2017Modern Family
33%
TV Show1988Tattinger's
33%
Web Series2022-PresentThe Bear
33%
TV Show1987The Equalizer
33%
Film1993The Three Musketeers
33%
TV Show2001-2005The West Wing
33%
Film20092012
0%
Documentary Series2012-2018American Experience
0%
Documentary Series2003American Masters
0%
Film2014A Merry Friggin' Christmas
0%
Film2002Ash Wednesday
0%
Theater2012As You Like It
0%
Film1996A Time to Kill
0%
Film1992Beethoven
0%
Film1993Benny & Joon
0%
TV Film2015Bessie
0%
Film1999Bicentennial Man
0%
TV Show2009-2011Bored to Death
0%
Film1998Bulworth
0%
Film2005Casanova
0%
Film2014Chef
0%
TV Show2015-2017, 2023Chicago Fire
0%
TV Show2017Chicago Justice
0%
TV Show2015-PresentChicago Med
0%
TV Show2015-2016Chicago P.D.
0%
Film1989Crusoe
0%
Film2012CZ12
0%
Film1998Dangerous Beauty
0%
TV Show2000-2001Deadline
0%
Film1992Diggstown
0%
Film2001Don't Say a Word
0%
Theater1990Elliot Loves
0%
FilmTBAEmperor
0%
Film1996Executive Decision
0%
TV Show2014Fargo
0%
Film1990Flatliners
0%
Film2015Frank and Cindy
0%
Film2008Frost/Nixon
0%
Film1995Funny Bones
0%
Music Video1998Ghetto Supastar (That Is What You Are)
0%
Film2012Ginger & Rosa
0%
Film2000Gun Shy
0%
Theater2009Guys and Dolls
0%
Film2003Hope Springs
0%
TV Show2004-2006Huff
0%
Film2020I'm Thinking of Ending Things
0%
Film1993Indecent Proposal
0%
TV Short2011Jake and Amir: Fired
0%
Film2014Kill the Messenger
0%
Film2004Kinsey
0%
Film1999Lake Placid
0%
Film2013Legends of Oz: Dorothy's Return
0%
Documentary2013Letters to Jackie: Remembering President Kennedy
0%
Film2002Liberty Stand Still
0%
Film2013Lucky Them
0%
Film1988Married to the Mob
0%
Film2007Martian Child
0%
TV Show2007-2008Nip/Tuck
0%
Documentary Series2004NOVA
0%
Film2015One More Time
0%
Film2003Pieces of April
0%
Film2010Please Give
0%
Film1990Postcards from the Edge
0%
Film2017Professor Marston and the Wonder Women
0%
Documentary Mini-Series2011Prohibition
0%
TV Show2003Queens Supreme
0%
Film2000Ready to Rumble
0%
Documentary2015Ripley: Believe It or Not
0%
Film2016Rules Don't Apply
0%
Video Game2006Scarface: The World Is Yours
0%
TV Film1999Sesame Street: CinderElmo
0%
Theater2006Shining City
0%
Film2016Shut In
0%
Film1998Simon Birch
0%
TV Show2014, 2017Sofia the First
0%
Video Game2001SSX Tricky
0%
TV Show2000Tales from the Crypt
0%
Film1995Tall Tale
0%
Film2016The 9th Life of Louis Drax
0%
TV Show2010-2013The Big C
0%
TV Mini-Series2007The Bronx Is Burning
0%
TV Show2015The Good Wife
0%
Film2005The Ice Harvest
0%
Film1998The Impostors
0%
TV Film1995The Infiltrator
0%
Film2016The Master Cleanse
0%
Music Video1999Then You Look at Me
0%
Film2012The Oranges
0%
TV Documentary2015The Pilgrims
0%
Film2013The Tale of the Princess Kaguya
0%
Film1993The Temp
0%
Film2007The Ten
0%
TV Pilot2007The Thick of It
0%
Film2016The Ticket
0%
Film1999Three to Tango
0%
Theater2002Twelfth Night
0%
Theater1989Ubu
0%
Theater1988Urban Blight
0%
TV Show1990Wiseguy
0%
Film2009Wonder Woman
0%
Film1988Working Girl
0%
Film2011X-Men: First Class
0%
Film2009Year One
0%
Theater1987Young Playwrights Festival
0%
Film2002Zig Zag
0%

Score Distribution

Percentile by Number Answered

Percent of People with Each Score

Your Score History

You have not taken this quiz since the last reset